Least Corrupt Countries - Statistics

General Stats
  • This quiz has been taken 3,807 times
  • The average score is 17 of 20
Answer Stats
Rank Country % Correct
6 Sweden
97%
8 Norway
96%
2 Finland
95%
17 United States
95%
14 Canada
94%
4 Denmark
93%
12 United Kingdom
93%
16 Germany
92%
9 Australia
91%
18 France
91%
3 New Zealand
88%
7 Switzerland
88%
1 Iceland
87%
11 Netherlands
86%
19 Belgium
84%
10 Austria
83%
20 Ireland
82%
13 Luxembourg
74%
5 Singapore
63%
15* Hong Kong
52%
No matching quizzes found
Score Distribution
Percent of People with Each Score
Percentile by Number Answered
Your Score History
You have not taken this quiz